| 000 | 004160000a22001450004500 | ||
|---|---|---|---|
| 020 | _a0-8007-0819-9 | ||
| 041 | 0 | _aENG | |
| 082 | 0 | 4 | _aG 909 S2946h |
| 100 | 1 | _aSchaeffer, Francis A. (August) | |
| 245 | 1 | 0 | _aHow should we then live? The rise and decline of Western Thought and Culture / Francis A. Schaeffer |
| 260 | _aOld Tappan, N.J., USA : Fleming H. Revell | ||
| 300 | _a288 Pag | ||
| 001 | 11235 | ||
| 942 | _cBK | ||
| 999 |
_c40596 _d40596 |
||